Tratado de los contratos: parte general

Saved in:
Bibliografiske detaljer
Hovedforfatter: Lorenzetti, Ricardo Luis (autor)
Format: Bog
Sprog:spansk
Udgivet: Buenos Aires Rubinzal-Culzoni 2004
Fag:
Tags: Tilføj Tag
Ingen Tags, Vær først til at tagge denne postø!

MARC

LEADER 00000nam a2200000 a 4500
001 UCL8548
003 CL-VaPUC
008 040625e20040000AG |||||||||||||||||spa|d
020 |a 950727524X 
082 0 4 |a 346.8202  |b LOR  |2 21 
100 |a Lorenzetti, Ricardo Luis  |e autor  |9 588707 
245 1 0 |a Tratado de los contratos: parte general 
300 |a 803 p 
942 |c BK 
945 |d 20040625 00:00:00  |a cmena 
260 |a Buenos Aires  |b Rubinzal-Culzoni  |c 2004 
650 0 |a Contratos  |9 255153 
650 7 |a RESPONSABILIDAD CIVIL  |2 CL-VaPUC  |9 486441 
650 0 |a Responsabilidad contractual  |9 256720 
650 0 |a Derecho civil argentino  |9 398477 
583 |a last modification  |c 20040625 00:00:00  |k Rodrigo Vera 
999 |c 309782  |d 309780 
952 |0 0  |1 0  |4 0  |6 346_820200000000000_LOR_2004  |7 0  |8 A  |9 377531  |a BIBDER  |b BIBDER  |d 2019-11-21  |i 4028740  |l 5  |o 346.8202 LOR 2004  |p 4028740  |r 2023-01-25  |s 2022-10-25  |w 2019-11-21  |y BK  |k DER